| 000 | 00709npc a2200217Ia 4500 | ||
|---|---|---|---|
| 001 | dg83-37719 | ||
| 003 | IT-MiCISF | ||
| 008 | 161014s9999||||xx | und|| | ||
| 040 |
_aIT-MiCISF _cIT-MiCISF |
||
| 041 | _ait | ||
| 100 | _aSbrogliò Luca (a cura di) | ||
| 245 | 0 |
_aMamme libere dal fumo _bGuida al counselling ostetrico |
|
| 250 | _a1a ed. | ||
| 260 |
_a Provincia di Treviso _bLega Italiana per la Lotta contro i Tumori; Collegio delle Ostetriche _c2002 |
||
| 300 | _app. 80 | ||
| 500 | _a / salute, gravidanza, prevenzione, consulenza, servizi-sanitari / | ||
| 650 | _asalute-cura | ||
| 700 | _aRossato Villanova Maria Teresa (a cura di) | ||
| 942 | _cDD | ||
| 957 | _71 | ||
| 999 |
_a37719 _bsi _g1 _c207144 _d207144 |
||